[Event "Montreal CAN, Pere Noel Open 2022"]
[Site "Montreal CAN"]
[Date "2022.12.28"]
[Round "3.13"]
[White "Di Matteo, Alessio"]
[Black "Malek, Omid"]
[Result "1/2-1/2"]
[WhiteElo "1598"]
[BlackElo "2002"]
[PlyCount "82"]
[EventDate "2022.12.27"]
[EventType "swiss"]
[EventRounds "7"]
[EventCountry "CAN"]
[Source "ChessMix "]
[SourceDate "2023.01.10"]

1. d4 Nf6 2. c4 e6 3. Nc3 Bb4 4. e3 O-O 5. Bd3 c5 6. Nge2 d5 7. cxd5 cxd4 8.
exd4 exd5 9. O-O Nc6 10. Bg5 Be7 11. h3 h6 12. Bh4 a6 13. Rc1 Re8 14. Kh1 Ne4
15. Bxe7 Rxe7 16. Nf4 Nf6 17. Bb1 Qd6 18. Qd2 Bd7 19. Rfe1 Rae8 20. Rxe7 Rxe7
21. Rd1 b5 22. a3 Na5 23. Nd3 Nc4 24. Qc1 Bf5 25. Nc5 Bxb1 26. Qxb1 Nd7 27.
Nxd7 Qxd7 28. Qc2 Qe6 29. Kg1 g5 30. Qc1 Kg7 31. b3 Nb6 32. Qd2 Qd6 33. Qb2 f5
34. Ne2 f4 35. Nc1 Qf6 36. Nd3 Nd7 37. Re1 Rxe1+ 38. Nxe1 Qe7 39. Nf3 h5 40.
Ne5 Nxe5 41. dxe5 Qe6 1/2-1/2

[Event "Montreal CAN, Pere Noel Open 2022"]
[Site "Montreal CAN"]
[Date "2022.12.28"]
[Round "3.14"]
[White "Jiang Barron, Jiyu"]
[Black "Guillemette, Hugo"]
[Result "0-1"]
[WhiteElo "1701"]
[BlackElo "1865"]
[PlyCount "158"]
[EventDate "2022.12.27"]
[EventType "swiss"]
[EventRounds "7"]
[EventCountry "CAN"]
[Source "ChessMix "]
[SourceDate "2023.01.10"]

1. e4 c5 2. Nf3 e6 3. d4 cxd4 4. Nxd4 Nc6 5. Nc3 Qc7 6. Be3 a6 7. Be2 Nf6 8. a3
Be7 9. O-O d6 10. f4 O-O 11. Qe1 Bd7 12. Qg3 Nxd4 13. Bxd4 Bc6 14. Bf3 Ne8 15.
Rae1 Rc8 16. Kh1 Bf6 17. e5 Be7 18. f5 exf5 19. Bxc6 Qxc6 20. Rxf5 dxe5 21.
Bxe5 Bf6 22. Ne4 Bxe5 23. Rxe5 Nf6 24. Nxf6+ Qxf6 25. c3 Rfd8 26. Qe3 h6 27. h3
Rc6 28. Re7 Rb6 29. Qe2 Qg5 30. Qf3 Rxb2 31. Qxf7+ Kh7 32. Qf3 Rdd2 33. R7e2
Rxe2 34. Rxe2 Rb6 35. Qe4+ Qg6 36. Qd4 Rd6 37. Qe5 Qb1+ 38. Kh2 Rg6 39. c4 Qd3
40. c5 Qxa3 41. Rb2 Qa1 42. Qe2 Qc1 43. Rb6 Qxc5 44. Rxg6 Kxg6 45. Qe4+ Qf5 46.
Qxb7 a5 47. Qc6+ Kh7 48. Qa4 h5 49. g4 Qe5+ 50. Kg2 Qe2+ 51. Kg3 Qe5+ 52. Kg2
h4 53. Kf1 g5 54. Qd7+ Kg6 55. Qd3+ Kf6 56. Qd8+ Ke6 57. Qg8+ Kd7 58. Qf7+ Kc6
59. Qc4+ Kb6 60. Qg8 Qf4+ 61. Ke2 Qh2+ 62. Ke1 Qg3+ 63. Ke2 Qe5+ 64. Kf2 Qg3+
65. Ke2 Qg2+ 66. Ke1 Qe4+ 67. Kf2 Qf4+ 68. Ke2 Qe5+ 69. Kf2 a4 70. Qd8+ Kb5 71.
Qd7+ Kb4 72. Qd2+ Qc3 73. Qd8 Qc5+ 74. Kf3 a3 75. Qb8+ Kc4 76. Qb1 Qd5+ 77. Ke3
Qe5+ 78. Kf3 Qc3+ 79. Ke4 Qd4+ 0-1

[Event "Montreal CAN, Pere Noel Open 2022"]
[Site "Montreal CAN"]
[Date "2022.12.28"]
[Round "3.15"]
[White "Navarro, Pavel E"]
[Black "Rauch, Frank"]
[Result "1/2-1/2"]
[WhiteElo "2152"]
[BlackElo "1698"]
[PlyCount "75"]
[EventDate "2022.12.27"]
[EventType "swiss"]
[EventRounds "7"]
[EventCountry "CAN"]
[Source "ChessMix "]
[SourceDate "2023.01.10"]

1. c4 Nf6 2. g3 g6 3. Bg2 Bg7 4. Nc3 O-O 5. Nf3 d6 6. O-O e5 7. d3 Nc6 8. Bg5
h6 9. Bxf6 Bxf6 10. Nd5 Bg7 11. Rc1 Be6 12. Qa4 a5 13. e3 Ne7 14. Nd2 c6 15.
Nxe7+ Qxe7 16. Qa3 f5 17. f4 Qd7 18. Nf3 Kh7 19. Rfd1 Rfe8 20. d4 e4 21. Ne1
Bf7 22. Bf1 b5 23. cxb5 cxb5 24. b3 b4 25. Qb2 Rec8 26. Rd2 Rxc1 27. Qxc1 Rc8
28. Rc2 Be6 29. Rxc8 Qxc8 30. Qxc8 Bxc8 31. h4 Bf6 32. Bc4 g5 33. hxg5 hxg5 34.
Nc2 Kg6 35. Kf2 g4 36. a3 bxa3 37. Nxa3 Bd7 38. Nb5 1/2-1/2

[Event "Montreal CAN, Pere Noel Open 2022"]
[Site "Montreal CAN"]
[Date "2022.12.28"]
[Round "3.16"]
[White "Lopez Linares, Lizandro Fernando"]
[Black "Yan, Alex Jikai"]
[Result "1/2-1/2"]
[WhiteElo "2038"]
[BlackElo "1685"]
[PlyCount "84"]
[EventDate "2022.12.27"]
[EventType "swiss"]
[EventRounds "7"]
[EventCountry "CAN"]
[Source "ChessMix "]
[SourceDate "2023.01.10"]

1. d4 d5 2. Nf3 Nf6 3. c4 e6 4. Nc3 Be7 5. Bg5 Nbd7 6. e3 O-O 7. Rc1 h6 8. Bf4
a6 9. cxd5 exd5 10. Bd3 c6 11. h3 Re8 12. O-O Nf8 13. Ne5 Ne6 14. Bh2 c5 15.
dxc5 Nxc5 16. Bb1 Bd6 17. Nxd5 Bxe5 18. Nxf6+ Qxf6 19. Rxc5 Bxh2+ 20. Kxh2 Qxb2
21. Qd3 g6 22. e4 b6 23. Rc7 Qe5+ 24. Qg3 Qxg3+ 25. Kxg3 Be6 26. Rfc1 Rec8 27.
Kf4 f6 28. Ke3 Kf8 29. f4 Ke8 30. g4 Kd8 31. R7c6 Kd7 32. Rxc8 Rxc8 33. Rxc8
Kxc8 34. Kd4 Kc7 35. f5 gxf5 36. gxf5 Bf7 37. e5 fxe5+ 38. Kxe5 Kd7 39. Kf6 Ke8
40. h4 Kf8 41. a3 b5 42. Bc2 a5 1/2-1/2

[Event "Montreal CAN, Pere Noel Open 2022"]
[Site "Montreal CAN"]
[Date "2022.12.28"]
[Round "3.17"]
[White "Chapdelaine, Gwyn"]
[Black "Bain-Thouverez, Aurelien"]
[Result "1/2-1/2"]
[WhiteElo "1833"]
[BlackElo "1719"]
[PlyCount "97"]
[EventDate "2022.12.27"]
[EventType "swiss"]
[EventRounds "7"]
[EventCountry "CAN"]
[Source "ChessMix "]
[SourceDate "2023.01.10"]

1. e4 Nf6 2. Nc3 d5 3. exd5 Nxd5 4. Nf3 Bg4 5. Bc4 e6 6. h3 Bh5 7. O-O Nc6 8.
Nxd5 exd5 9. Bb5 Be7 10. d4 O-O 11. c3 Bd6 12. Be2 h6 13. Be3 Qf6 14. Nd2 Bxe2
15. Qxe2 Ne7 16. Rae1 c6 17. Qg4 Rad8 18. Nb3 b6 19. a4 a5 20. f4 Nf5 21. Bf2
g6 22. g3 Bb8 23. Nd2 Nd6 24. Re2 h5 25. Qf3 Rde8 26. Rfe1 Rxe2 27. Rxe2 Re8
28. Rxe8+ Nxe8 29. Qe2 Nd6 30. Qa6 Qd8 31. b4 axb4 32. cxb4 Bc7 33. g4 hxg4 34.
hxg4 Ne4 35. Nxe4 dxe4 36. Be3 Kg7 37. Qe2 Qh4 38. Kg2 f5 39. gxf5 gxf5 40. Qf2
Qg4+ 41. Qg3 Kf6 42. Qxg4 fxg4 43. Kg3 Kf5 44. Bd2 Bd6 45. a5 bxa5 46. bxa5 Bc7
47. a6 Bb6 48. Be3 Ba7 49. Kf2 1/2-1/2

[Event "Montreal CAN, Pere Noel Open 2022"]
[Site "Montreal CAN"]
[Date "2022.12.28"]
[Round "3.18"]
[White "Wang, Derek"]
[Black "Steinberg, Ellis"]
[Result "1-0"]
[WhiteElo "1678"]
[BlackElo "1768"]
[PlyCount "55"]
[EventDate "2022.12.27"]
[EventType "swiss"]
[EventRounds "7"]
[EventCountry "CAN"]
[Source "ChessMix "]
[SourceDate "2023.01.10"]

1. Nf3 d5 2. c4 dxc4 3. e3 Nc6 4. Bxc4 e5 5. Nc3 Be7 6. O-O Nf6 7. h3 O-O 8. d4
exd4 9. exd4 Na5 10. Bd3 Be6 11. Re1 Nc6 12. Bg5 Nb4 13. Bb1 Nbd5 14. Nxd5 Nxd5
15. Qd3 g6 16. Bh6 Re8 17. a3 Bf5 18. Qb3 Bxb1 19. Raxb1 Rb8 20. Re5 c6 21.
Rbe1 Qd7 22. R5e2 Red8 23. Ne5 Qf5 24. Ng4 Qd7 25. Rxe7 Qxe7 26. Rxe7 Nxe7 27.
Nf6+ Kh8 28. Qxf7 1-0

[Event "Montreal CAN, Pere Noel Open 2022"]
[Site "Montreal CAN"]
[Date "2022.12.28"]
[Round "3.19"]
[White "Sekki, Abderaouf"]
[Black "Nica, Ion"]
[Result "1-0"]
[WhiteElo "1783"]
[BlackElo "1671"]
[PlyCount "69"]
[EventDate "2022.12.27"]
[EventType "swiss"]
[EventRounds "7"]
[EventCountry "CAN"]
[Source "ChessMix "]
[SourceDate "2023.01.10"]

1. d4 d5 2. c4 c6 3. Nc3 Nf6 4. Nf3 e6 5. Bg5 dxc4 6. e4 b5 7. e5 h6 8. Bh4 g5
9. Bg3 Nd5 10. Nd2 Qb6 11. Nde4 Bb4 12. Be2 Nd7 13. O-O Nxc3 14. bxc3 Be7 15.
Bh5 Bb7 16. Qg4 c5 17. Nd6+ Bxd6 18. exd6 Bd5 19. Rfe1 O-O-O 20. Bxf7 Nf8 21.
dxc5 Qxc5 22. a4 Rd7 23. Be8 Rb7 24. Bxb5 Rf7 25. Rab1 Rhh7 26. Rb4 h5 27. Qxg5
Rhg7 28. Ba6+ Kd7 29. Rb7+ Kc6 30. Qxg7 Rxg7 31. Rxg7 Nd7 32. Bb5+ Kb6 33. Rxd7
Qa3 34. Be5 Qb2 35. Bd4+ 1-0

[Event "Montreal CAN, Pere Noel Open 2022"]
[Site "Montreal CAN"]
[Date "2022.12.28"]
[Round "3.20"]
[White "Hu, Raymond"]
[Black "Hrivnak, Vladimir"]
[Result "0-1"]
[WhiteElo "1374"]
[BlackElo "2235"]
[PlyCount "117"]
[EventDate "2022.12.27"]
[EventType "swiss"]
[EventRounds "7"]
[EventCountry "CAN"]
[Source "ChessMix "]
[SourceDate "2023.01.10"]

1. e4 e6 2. d4 d5 3. e5 c5 4. c3 Nc6 5. Nf3 Qb6 6. a3 c4 7. Be2 Bd7 8. O-O Na5
9. Nbd2 f6 10. exf6 gxf6 11. Re1 O-O-O 12. Qc2 Bd6 13. Bd1 Ne7 14. b4 cxb3 15.
Nxb3 Ba4 16. Nfd2 Bf4 17. Qa2 Bxd2 18. Nxd2 Bxd1 19. Rxd1 Qc6 20. Bb2 Kd7 21.
Nb3 Nxb3 22. Qxb3 Rc8 23. f4 Rc7 24. a4 Rg8 25. Rf1 Nf5 26. Qc2 h5 27. Rae1 h4
28. Rf3 Rg7 29. Qe2 Rc8 30. Rf2 Re8 31. Qb5 Nd6 32. Qxc6+ Kxc6 33. Rfe2 Ne4 34.
c4 f5 35. cxd5+ Kxd5 36. Rc2 Ree7 37. Rec1 Rd7 38. Ba3 Rg4 39. Rb1 a6 40. Rf1
Rdg7 41. Rf3 Rh7 42. Bb2 Rgg7 43. Rf1 Rc7 44. Rfc1 Rc6 45. Kf1 Rhc7 46. Rxc6
bxc6 47. Ke2 Rb7 48. Ba3 Rb3 49. Be7 h3 50. Kf1 Rb2 51. gxh3 Rxh2 52. Rd1 Rxh3
53. Kg2 Rg3+ 54. Kh2 Rb3 55. a5 Rf3 56. Bg5 Ra3 57. Bd8 Ra2+ 58. Kg1 Nc3 59.
Bc7 0-1

[Event "Montreal CAN, Pere Noel Open 2022"]
[Site "Montreal CAN"]
[Date "2022.12.28"]
[Round "3.22"]
[White "Forget, Luc"]
[Black "Berube, Maximilien"]
[Result "1/2-1/2"]
[WhiteElo "1780"]
[BlackElo "1592"]
[PlyCount "106"]
[EventDate "2022.12.27"]
[EventType "swiss"]
[EventRounds "7"]
[EventCountry "CAN"]
[Source "ChessMix "]
[SourceDate "2023.01.10"]

1. d4 Nf6 2. c4 e6 3. Nc3 Bb4 4. e3 O-O 5. Nf3 c5 6. Bd3 b6 7. O-O Bxc3 8. bxc3
Bb7 9. Qc2 d5 10. cxd5 exd5 11. Ne5 Nbd7 12. Nxd7 Qxd7 13. f3 Rfe8 14. Qf2 Qc8
15. Bb5 Bc6 16. a4 a6 17. Bd3 Qe6 18. Bd2 Nd7 19. e4 Qg6 20. Be3 cxd4 21. Bxd4
dxe4 22. Bxe4 Bxe4 23. fxe4 Rxe4 24. Qf5 Qe6 25. Qxe6 Rxe6 26. Ra2 Rc8 27. Raf2
f6 28. Rf5 Rec6 29. g4 Nc5 30. g5 fxg5 31. Rxg5 Ne6 32. Rd5 Rd8 33. Rxd8+ Nxd8
34. Rb1 Ne6 35. Rxb6 Rxb6 36. Bxb6 Kf7 37. Kf2 Kf6 38. Kf3 Kf5 39. c4 Ng5+ 40.
Ke3 Ke5 41. Bc7+ Ke6 42. h4 Nf7 43. Kd4 Kd7 44. Be5 g5 45. hxg5 Nxg5 46. Kd5
Ne6 47. Bh2 h5 48. Bg3 h4 49. Bxh4 Nf4+ 50. Kc5 Nd3+ 51. Kb6 Nb2 52. c5 Nxa4+
53. Kxa6 Nxc5+ 1/2-1/2

[Event "Montreal CAN, Pere Noel Open 2022"]
[Site "Montreal CAN"]
[Date "2022.12.29"]
[Round "4.1"]
[White "Sambuev, Bator"]
[Black "Rodrigue-Lemieux, Shawn"]
[Result "1-0"]
[WhiteElo "2410"]
[BlackElo "2463"]
[PlyCount "86"]
[EventDate "2022.12.27"]
[EventType "swiss"]
[EventRounds "7"]
[EventCountry "CAN"]
[Source "ChessMix "]
[SourceDate "2023.01.10"]

1. c4 Nf6 2. Nf3 e6 3. g3 d5 4. Bg2 Be7 5. O-O O-O 6. b3 b6 7. Bb2 Bb7 8. cxd5
Nxd5 9. Qc2 c5 10. a3 Nc6 11. e3 Rc8 12. Nc3 Bf6 13. Nxd5 exd5 14. Bxf6 Qxf6
15. d3 Rfd8 16. Rac1 a5 17. Qb1 Ba6 18. Rfd1 d4 19. e4 g5 20. Rc2 g4 21. Nh4
Ne5 22. f4 gxf3 23. Rf2 a4 24. Bxf3 Qe6 25. Be2 axb3 26. Rdf1 c4 27. Rf6 cxd3
28. Bd1 Qh3 29. Qxb3 d2 30. R1f2 Bc4 31. Qc2 Ng4 32. Bxg4 Qxg4 33. Qxd2 Kh8 34.
Nf5 d3 35. Qb2 Qd1+ 36. Kg2 Qb3 37. Qa1 Be6 38. Rxe6+ Qc3 39. Qxc3+ Rxc3 40.
Rd6 Rxd6 41. Nxd6 Rc2 42. Nf5 d2 43. Ne3 Ra2 1-0

[Event "Montreal CAN, Pere Noel Open 2022"]
[Site "Montreal CAN"]
[Date "2022.12.29"]
[Round "4.2"]
[White "Roussel-Roozmon, Thomas"]
[Black "Zhong, Kevin"]
[Result "1-0"]
[WhiteElo "2461"]
[BlackElo "2120"]
[PlyCount "63"]
[EventDate "2022.12.27"]
[EventType "swiss"]
[EventRounds "7"]
[EventCountry "CAN"]
[Source "ChessMix "]
[SourceDate "2023.01.10"]

1. e4 c5 2. Nf3 Nc6 3. Bb5 g6 4. Bxc6 dxc6 5. d3 Bg7 6. h3 e5 7. Be3 b6 8. Nc3
Ne7 9. Qd2 h6 10. a4 a5 11. Qe2 Be6 12. Nd2 Qc7 13. Nc4 f5 14. exf5 gxf5 15.
O-O O-O-O 16. Rae1 Rhg8 17. Kh1 Bxc4 18. dxc4 e4 19. Qh5 Bd4 20. Ne2 Be5 21.
Rd1 Rdf8 22. f4 exf3 23. Qxf3 Ng6 24. Nf4 Nh4 25. Qf2 Qe7 26. Rde1 Qg5 27. Re2
Bxf4 28. Bxf4 Qh5 29. Rg1 Rf6 30. Re7 Ng6 31. Rc7+ Kb8 32. Rg7+ 1-0

[Event "Montreal CAN, Pere Noel Open 2022"]
[Site "Montreal CAN"]
[Date "2022.12.29"]
[Round "4.3"]
[White "Ouellet, Maili Jade"]
[Black "Clyde, Jordan"]
[Result "1/2-1/2"]
[WhiteElo "2220"]
[BlackElo "2114"]
[PlyCount "109"]
[EventDate "2022.12.27"]
[EventType "swiss"]
[EventRounds "7"]
[EventCountry "CAN"]
[Source "ChessMix "]
[SourceDate "2023.01.10"]

1. e4 d6 2. d4 Nf6 3. Nc3 d5 4. e5 Ng8 5. Bd3 c5 6. dxc5 e6 7. Be3 Nd7 8. Bb5
Qc7 9. b4 Qxe5 10. Nge2 a6 11. Ba4 Ne7 12. O-O Nc6 13. Rb1 Be7 14. Nd4 Qc7 15.
Qd2 Nxd4 16. Bxd4 O-O 17. f4 Bf6 18. Be3 b6 19. Bxd7 Bxd7 20. Ne2 Bb5 21. cxb6
Qc6 22. Bc5 Rfb8 23. Rf3 Bxe2 24. Qxe2 Bd8 25. Qf2 Bxb6 26. Rc3 Rc8 27. Rbb3
Bd8 28. Bd4 Qd7 29. Qg3 f6 30. h4 Rc4 31. Bc5 a5 32. bxa5 Bxa5 33. Rxc4 dxc4
34. Rb1 Rc8 35. Be3 Qd5 36. a4 Bc3 37. Kh2 Qe4 38. Rb6 Qxc2 39. Rxe6 Qxa4 40.
h5 Qd1 41. Qh3 Qd7 42. h6 g6 43. Bc1 Bd4 44. Qg4 Rc5 45. Ba3 Rh5+ 46. Kg3 Ra5
47. Bb4 Rb5 48. Qe2 Rxb4 49. Re8+ Kf7 50. Rh8 Qb5 51. Rxh7+ Kg8 52. Qe6+ Kxh7
53. Qf7+ Kxh6 54. Qf8+ Kh7 55. Qf7+ 1/2-1/2

[Event "Montreal CAN, Pere Noel Open 2022"]
[Site "Montreal CAN"]
[Date "2022.12.29"]
[Round "4.4"]
[White "Saha, Ananda"]
[Black "Chiku-Ratte, Olivier-Kenta"]
[Result "0-1"]
[WhiteElo "2062"]
[BlackElo "2338"]
[PlyCount "82"]
[EventDate "2022.12.27"]
[EventType "swiss"]
[EventRounds "7"]
[EventCountry "CAN"]
[Source "ChessMix "]
[SourceDate "2023.01.10"]

1. e4 g6 2. d4 Bg7 3. Nf3 d6 4. Be2 Nf6 5. Nc3 O-O 6. h3 c5 7. Be3 cxd4 8. Nxd4
a6 9. a4 b6 10. O-O Bb7 11. Bf3 Nbd7 12. a5 b5 13. Nd5 Ne5 14. Nb3 Rc8 15. Bb6
Qe8 16. c3 Nxf3+ 17. Qxf3 Nxd5 18. exd5 e6 19. Qe3 Bxd5 20. Nd4 Bb7 21. Rad1
Qe7 22. Rfe1 Rfe8 23. Nc2 Rc4 24. Nb4 Rec8 25. Bd4 e5 26. Bb6 Re4 27. Qd2 Rxe1+
28. Rxe1 Qe6 29. Rd1 Bf8 30. Be3 f6 31. Bh6 Be7 32. Qe3 g5 33. f4 gxf4 34. Bxf4
Kf7 35. Bg3 Rg8 36. Kh2 f5 37. Qb6 Be4 38. Rd2 Qg6 39. Be1 Bxg2 40. Qa7 Qg5 41.
Nd3 Bxh3 0-1

[Event "Montreal CAN, Pere Noel Open 2022"]
[Site "Montreal CAN"]
[Date "2022.12.29"]
[Round "4.5"]
[White "Guillemette, Hugo"]
[Black "Lawson, Eric"]
[Result "1/2-1/2"]
[WhiteElo "1865"]
[BlackElo "2331"]
[PlyCount "114"]
[EventDate "2022.12.27"]
[EventType "swiss"]
[EventRounds "7"]
[EventCountry "CAN"]
[Source "ChessMix "]
[SourceDate "2023.01.10"]

1. e4 c5 2. Nf3 d6 3. Bb5+ Nd7 4. d4 cxd4 5. Qxd4 a6 6. Bxd7+ Bxd7 7. O-O e5 8.
Qd3 Rc8 9. c4 b5 10. Na3 Qb6 11. Bd2 Nf6 12. cxb5 axb5 13. Bb4 Bc6 14. Rfe1 Be7
15. Rad1 Qb7 16. Nd2 O-O 17. Nab1 Rfe8 18. Nc3 d5 19. Bxe7 Rxe7 20. exd5 Nxd5
21. Nxd5 Bxd5 22. Ne4 Bxe4 23. Qxe4 Qxe4 24. Rxe4 Rd7 25. Ree1 Rxd1 26. Rxd1 f6
27. Kf1 Rc2 28. b4 Rxa2 29. Rd5 Rb2 30. Rxb5 Kf7 31. Rb7+ Kg6 32. g4 e4 33. h4
h5 34. gxh5+ Kxh5 35. Rxg7 Kxh4 36. f3 exf3 37. b5 Rxb5 38. Kf2 Rg5 39. Rf7 Rf5
40. Rg7 Rf4 41. Rg3 Kh5 42. Rg8 Rg4 43. Rh8+ Kg5 44. Kxf3 Ra4 45. Rb8 Ra3+ 46.
Kf2 f5 47. Rb4 Rh3 48. Kg2 Re3 49. Kf2 Re4 50. Rxe4 fxe4 51. Ke3 Kf5 52. Ke2
Kf4 53. Kf2 e3+ 54. Ke2 Ke4 55. Ke1 Kd3 56. Kd1 e2+ 57. Ke1 Ke3 1/2-1/2

[Event "Montreal CAN, Pere Noel Open 2022"]
[Site "Montreal CAN"]
[Date "2022.12.29"]
[Round "4.6"]
[White "Latorre, Vincent"]
[Black "Tanaka, Taira Tyler"]
[Result "1/2-1/2"]
[WhiteElo "1918"]
[BlackElo "2250"]
[PlyCount "245"]
[EventDate "2022.12.27"]
[EventType "swiss"]
[EventRounds "7"]
[EventCountry "CAN"]
[Source "ChessMix "]
[SourceDate "2023.01.10"]

1. e4 c5 2. Nf3 d6 3. Nc3 Nf6 4. e5 dxe5 5. Nxe5 a6 6. a4 Qc7 7. d4 e6 8. a5
Bd7 9. Nc4 Nc6 10. dxc5 Bxc5 11. Bg5 Bb4 12. Be3 Nd5 13. Bd2 O-O 14. Be2 Bxc3
15. Bxc3 Nxc3 16. bxc3 Ne5 17. Qd6 Qxd6 18. Nxd6 Bc6 19. f3 Rfd8 20. Nc4 Nxc4
21. Bxc4 Rac8 22. Bd3 Kf8 23. Kd2 Ke7 24. c4 g5 25. Kc3 h5 26. Rab1 f5 27. Rhe1
Kf6 28. h3 Rg8 29. Rb6 g4 30. hxg4 hxg4 31. f4 Rce8 32. Re5 Bxg2 33. Rxf5+ Ke7
34. Rg5 Bc6 35. Bg6 Ref8 36. Rxg4 Rf6 37. Bh5 Rxg4 38. Bxg4 Rxf4 39. Be2 Kd6
40. Rb1 e5 41. Rg1 Rf2 42. Re1 Rh2 43. Bd3 Rh4 44. Rd1 Ke6 45. Re1 Kf6 46. Re3
e4 47. Bf1 Ke5 48. Kd2 Kf4 49. Re2 Ke5 50. Ke3 Rg4 51. Rg2 Rh4 52. Rg5+ Kf6 53.
Rg3 Rh5 54. Bg2 Rxa5 55. Rg4 Ra3+ 56. Kd4 Kf5 57. Rxe4 Bxe4 58. Bxe4+ Ke6 59.
Bxb7 a5 60. Bd5+ Kd6 61. c5+ Kc7 62. Kc4 Ra1 63. Kb5 a4 64. Kb4 a3 65. Kb3 Kd7
66. Ka4 Ke7 67. Bb3 Kf6 68. Kb5 Ke7 69. Ka4 Kf6 70. Kb5 a2 71. Ka4 Rc1 72. Bxa2
Rxc2 73. Bb3 Rxc5 74. Kb4 Rc7 75. Bc4 Ke5 76. Kc3 Ke4 77. Kb4 Kd4 78. Bf1 Rb7+
79. Ka5 Kc5 80. Ka4 Rb1 81. Be2 Rb2 82. Bf1 Rf2 83. Bd3 Rf3 84. Be2 Rg3 85. Bf1
Re3 86. Ba6 Re6 87. Bf1 Rb6 88. Be2 Rb4+ 89. Ka3 Re4 90. Bh5 Kc4 91. Bf7+ Kc3
92. Ka2 Re2+ 93. Ka1 Rf2 94. Bg8 Rg2 95. Be6 Rb2 96. Bf5 Kb3 97. Be6+ Ka3 98.
Bf5 Rg2 99. Be4 Rg1+ 100. Bb1 Kb4 101. Kb2 Rg2+ 102. Ka1 Kb3 103. Bf5 Ra2+ 104.
Kb1 Re2 105. Ka1 Ra2+ 106. Kb1 Rf2 107. Be6+ Kc3 108. Ka1 Kc2 109. Bd5 Rd2 110.
Be4+ Kb3 111. Bg6 Rd7 112. Bf5 Rd6 113. Bh7 Rd7 114. Bf5 Re7 115. Bg6 Ra7+ 116.
Kb1 Rg7 117. Bc2+ Kc3 118. Bf5 Rg5 119. Be4 Rc5 120. Bg6 Rc6 121. Be4 Rb6+ 122.
Ka1 Kb3 123. Bd5+ 1/2-1/2

[Event "Montreal CAN, Pere Noel Open 2022"]
[Site "Montreal CAN"]
[Date "2022.12.29"]
[Round "4.7"]
[White "Zheng, Richard"]
[Black "Batorshyn, Ilia"]
[Result "1/2-1/2"]
[WhiteElo "2121"]
[BlackElo "1990"]
[PlyCount "127"]
[EventDate "2022.12.27"]
[EventType "swiss"]
[EventRounds "7"]
[EventCountry "CAN"]
[Source "ChessMix "]
[SourceDate "2023.01.10"]

1. d4 d5 2. c4 e6 3. Nc3 Be7 4. cxd5 exd5 5. Qc2 c6 6. Bf4 Nf6 7. e3 O-O 8. Bd3
Nbd7 9. Nge2 Re8 10. O-O Nf8 11. h3 Ng6 12. Bh2 Bd6 13. Rab1 Bxh2+ 14. Kxh2 a5
15. Na4 Ne4 16. Bxe4 dxe4 17. Qc5 Nf8 18. Ng3 Nd7 19. Qc2 Nf6 20. Nc3 Be6 21.
b3 h5 22. Rbc1 Bd5 23. Kg1 g6 24. Nge2 Be6 25. Nxe4 Nxe4 26. Qxe4 Bxb3 27. Qb1
Bd5 28. Qxb7 c5 29. Qb2 cxd4 30. Qxd4 Bxa2 31. Qa1 Be6 32. Ng3 Bb3 33. f3 Qg5
34. Ne4 Rxe4 35. fxe4 Qxe3+ 36. Rf2 Qxe4 37. Re1 Qc6 38. Rf6 Qc5+ 39. Kh1 a4
40. Rc1 Qg5 41. Rfc6 Be6 42. Rxe6 fxe6 43. Rc7 Qh6 44. Qf6 Rf8 45. Qxe6+ Kh8
46. Qe5+ Kg8 47. Qd5+ Kh8 48. Qd4+ Kg8 49. Qc4+ Kh8 50. Qxa4 Rf1+ 51. Kh2 Qf4+
52. Qxf4 Rxf4 53. Kg3 Rd4 54. Kf3 Kg8 55. Re7 Rc4 56. Re4 Rc3+ 57. Re3 Rc4 58.
Re7 Kf8 59. Rh7 Kg8 60. Rd7 Rb4 61. g4 Rb3+ 62. Kg2 hxg4 63. hxg4 Rc3 64. Kf2
1/2-1/2

[Event "Montreal CAN, Pere Noel Open 2022"]
[Site "Montreal CAN"]
[Date "2022.12.29"]
[Round "4.8"]
[White "Adam, Rafael"]
[Black "Zhang, Chu Hang"]
[Result "1/2-1/2"]
[WhiteElo "2020"]
[BlackElo "1953"]
[PlyCount "150"]
[EventDate "2022.12.27"]
[EventType "swiss"]
[EventRounds "7"]
[EventCountry "CAN"]
[Source "ChessMix "]
[SourceDate "2023.01.10"]

1. d4 c6 2. c4 Nf6 3. Nf3 b5 4. b3 bxc4 5. bxc4 g6 6. Bf4 Bg7 7. e3 d6 8. h3
O-O 9. Be2 c5 10. O-O Nbd7 11. Nbd2 a5 12. Rb1 Ba6 13. d5 Nb6 14. e4 Nfd7 15.
Re1 Qc7 16. Bd3 Rfb8 17. Qc2 Nc8 18. h4 Ne5 19. Nxe5 Bxe5 20. Bxe5 dxe5 21. h5
Nd6 22. Nf3 f6 23. hxg6 hxg6 24. g3 Kg7 25. Kg2 Rxb1 26. Rxb1 Rh8 27. Rh1 Rxh1
28. Kxh1 Bc8 29. Qc3 Nf7 30. Qd2 Qb6 31. Qc3 a4 32. Kg2 Ba6 33. Nd2 Nd6 34. a3
Bc8 35. Bc2 Bd7 36. f4 Nf7 37. Nf3 Qb8 38. fxe5 Nxe5 39. Nxe5 Qxe5 40. Qxe5
fxe5 41. Kf3 Kf6 42. Bd1 Kg5 43. Bc2 Kh5 44. Kf2 Kg5 45. Kf3 Kf6 46. Bd1 Kf7
47. Ke3 Ke8 48. Kd2 Kd8 49. Kd3 Kc7 50. Bc2 Kb6 51. Bd1 Kb7 52. Bc2 Kc7 53. Bd1
Kd6 54. Kd2 Kc7 55. Kd3 Kb6 56. Kd2 Ka5 57. Ke3 Bc8 58. Be2 Ba6 59. Kf3 Bc8 60.
Ke3 Kb6 61. Bd1 Bd7 62. Kd2 Kc7 63. Kd3 Kd8 64. Bc2 Ke8 65. Ke3 Kf7 66. Kf3 Kg7
67. Kf2 Kh6 68. Ke3 Kg5 69. Kf3 Bg4+ 70. Kf2 Bd7 71. Kf3 Kh5 72. Kf2 g5 73.
Bd1+ g4 74. Ke3 Kg5 75. Kd3 Kh5 1/2-1/2

[Event "Montreal CAN, Pere Noel Open 2022"]
[Site "Montreal CAN"]
[Date "2022.12.29"]
[Round "4.9"]
[White "Voskanyan, Vahagn"]
[Black "Guipi Bopala, Prince Eric Jr"]
[Result "0-1"]
[WhiteElo "2181"]
[BlackElo "1813"]
[PlyCount "106"]
[EventDate "2022.12.27"]
[EventType "swiss"]
[EventRounds "7"]
[EventCountry "CAN"]
[Source "ChessMix "]
[SourceDate "2023.01.10"]

1. c4 e6 2. Nf3 d5 3. e3 Nf6 4. b3 Bd6 5. Bb2 c6 6. Be2 Nbd7 7. d4 O-O 8. Nbd2
b6 9. Rc1 Bb7 10. O-O Qe7 11. Ne5 Rac8 12. Bd3 Rfd8 13. Qe2 c5 14. cxd5 exd5
15. Nxd7 Nxd7 16. Qh5 Nf6 17. Qh3 Ne4 18. Nf3 Qd7 19. Qxd7 Rxd7 20. dxc5 Bxc5
21. Rfd1 Rdc7 22. Kf1 Be7 23. Rxc7 Rxc7 24. Nd4 Kf8 25. f3 Nf6 26. g4 g6 27.
Kf2 Rc8 28. h3 Nd7 29. Ne2 Bf6 30. Bxf6 Nxf6 31. Nd4 Ke7 32. Ke2 Nd7 33. Kd2
Nc5 34. Bb5 Ne6 35. Ke1 Nxd4 36. Rxd4 Rc2 37. Ra4 a5 38. f4 Rh2 39. Bf1 Kd6 40.
b4 Bc6 41. b5 Bd7 42. e4 Rh1 43. Rd4 Bxb5 44. Rxd5+ Kc6 45. Rxb5 Rxf1+ 46. Kxf1
Kxb5 47. Ke2 Kc4 48. Ke3 b5 49. h4 b4 50. g5 a4 51. f5 b3 52. axb3+ axb3 53.
Kd2 Kd4 0-1

[Event "Montreal CAN, Pere Noel Open 2022"]
[Site "Montreal CAN"]
[Date "2022.12.29"]
[Round "4.11"]
[White "Malek, Omid"]
[Black "Sekki, Abderaouf"]
[Result "1-0"]
[WhiteElo "2002"]
[BlackElo "1783"]
[PlyCount "91"]
[EventDate "2022.12.27"]
[EventType "swiss"]
[EventRounds "7"]
[EventCountry "CAN"]
[Source "ChessMix "]
[SourceDate "2023.01.10"]

1. d4 f5 2. Bf4 Nf6 3. e3 e6 4. Nf3 b6 5. c4 Bb7 6. Nc3 Bb4 7. Qb3 Bxc3+ 8.
Qxc3 O-O 9. Bd3 d6 10. h3 Nbd7 11. O-O-O Ne4 12. Qc2 Qe7 13. Bh2 Ndf6 14. Rhg1
Rac8 15. Kb1 c5 16. Qe2 cxd4 17. Nxd4 a6 18. f3 Nc5 19. Bc2 g6 20. Nb3 e5 21.
g4 fxg4 22. hxg4 Ne8 23. Nd2 Bc6 24. Bg3 Rc7 25. Rgf1 b5 26. f4 exf4 27. Bxf4
Ne6 28. Bh6 N8g7 29. Ne4 Rd7 30. Rxf8+ Qxf8 31. cxb5 Bxb5 32. Bd3 Bc6 33. g5
Bxe4 34. Bxe4 Qd8 35. Bd5 Kh8 36. Qxa6 Nxg5 37. Rc1 Qe7 38. Rc8+ Rd8 39. Rxd8+
Qxd8 40. Bxg5 Qxg5 41. Qc8+ Ne8 42. Qxe8+ Kg7 43. Qf7+ Kh6 44. Qf3 Qg1+ 45. Kc2
g5 46. Qh1+ 1-0